[Event "Karvina op"]
[Site "Karvina"]
[Date "1989.??.??"]
[Round "10"]
[White "Firt, Stanislav"]
[Black "Nemec, Pavel"]
[Result "1-0"]
[WhiteElo "2355"]
[BlackElo "2225"]

1.d4 Nf6 2.c4 g6 3.Nc3 Bg7 4.e4 d6 5.Be2 O-O 6.Nf3 e5 7.O-O Nc6 8.d5 Ne7
9.Ne1 Nd7 10.f3 f5 11.g4 Nf6 12.Nd3 Kh8 13.c5 c6 14.dxc6 Nxc6 15.cxd6 Qb6+
16.Kh1 Nd4 17.Nxe5 Nxe2 18.Qxe2 fxg4 19.fxg4 Qxd6 20.Bf4 Qa6 21.Qg2 b5 22.a3 Bb7
23.Rad1 Rae8 24.Rd6 Qa5 25.Nc6 Qxc3 26.bxc3 Nxe4 27.h4 Nxd6 28.Bxd6 Rxf1+
29.Qxf1 Bxc6+ 30.Kh2 Bxc3 31.Qd3 Bf6 32.g5 Bg7 33.Bb4 Be4 34.Qd7 Ra8 35.Be7 Bf5
36.Qxb5 Rc8 37.Bf6 h5 38.Bxg7+ Kxg7 39.Qb7+ Kf8 40.Qxa7 Ke8 41.Qd4 Rd8 42.Qe5+ Kd7
43.a4 Kc8 44.a5 Rd2+ 45.Kg3 Rd3+ 46.Kf2 Kb7 47.Qb5+  1-0

[Event "Karvina op"]
[Site "Karvina"]
[Date "1989.??.??"]
[Round "12"]
[White "Firt, Stanislav"]
[Black "Vokac, Marek"]
[Result "1/2-1/2"]
[WhiteElo "2355"]
[BlackElo "2465"]

1.d4 Nf6 2.c4 g6 3.Nc3 Bg7 4.e4 d6 5.Be2 O-O 6.Nf3 e5 7.O-O Nc6 8.d5 Ne7
9.b4 Nh5 10.g3 f5 11.Ng5 Nf6 12.f3 f4 13.c5 fxg3 14.hxg3 Nh5 15.Qe1 a5 16.cxd6 cxd6
17.bxa5 Rxa5 18.Rb1 Rc5 19.Rb3 Qa5 20.Bd2 Bh6 21.Kg2 Qd8 22.Ne6 Bxd2 23.Qxd2 Bxe6
24.dxe6 Ng7 25.Rxb7 Nxe6 26.Bd1 Nd4 27.Bb3+ Nxb3 28.axb3 Rf7 29.b4 Rc4 30.Nd5 Kg7
31.Rc1 Rxc1 32.Qxc1 Nxd5 33.Rxf7+ Kxf7 34.exd5 Qb6 35.Qc4 h5 36.b5 Kg7  1/2-1/2

[Event "Kecskemet"]
[Site "Kecskemet"]
[Date "1989.??.??"]
[Round "?"]
[White "Malaniuk, Vladimir P"]
[Black "Kaminski, Uwe"]
[Result "1-0"]
[WhiteElo "2560"]
[BlackElo "2405"]

1.d4 Nf6 2.c4 g6 3.Nc3 Bg7 4.e4 d6 5.Nf3 O-O 6.Be2 e5 7.O-O Nc6 8.d5 Ne7
9.Ne1 Nd7 10.Be3 f5 11.f3 f4 12.Bf2 g5 13.b4 Nf6 14.c5 h5 15.cxd6 cxd6 16.Rc1 Bd7
17.Nb5 Bxb5 18.Bxb5 g4 19.Kh1 g3 20.Bg1 gxh2 21.Bf2 Ne8 22.Qa4 Bf6 23.Bd7 Ng7
24.Bh3 Ng6 25.Qd7 Rf7 26.Qxd8+ Bxd8 27.Nd3 Bb6 28.Nb2 Kf8 29.Bxb6 axb6 30.Nc4 Ne8
31.Nxb6 Rxa2 32.Rc8 Rc7 33.Rb8 Ke7 34.Na8 Rcc2 35.Rxb7+ Kf6 36.Rb8 Ng7 37.b5 h4
38.Bg4 Rxg2 39.b6 h3 40.Rd8 Rg1+ 41.Rxg1 hxg1=Q+ 42.Kxg1 h2+ 43.Kh1 Rb2 44.Rxd6+ Kg5
45.Rxg6+ Kxg6 46.d6 Kf7 47.d7 Ke7 48.Nc7 Kd8 49.Na6 Rxb6 50.Nc5 Rb5 51.Nd3 Ne8
52.dxe8=Q+ Kxe8 53.Kxh2 Ke7 54.Kh3 Kf6 55.Kh4 Rb1 56.Bh3 Rb8 57.Bg4 Rb5 58.Bh5 Rb8
59.Nf2 Rg8 60.Ng4+ Ke6  1-0

[Event "Kecskemet"]
[Site "Kecskemet"]
[Date "1989.??.??"]
[Round "?"]
[White "Tunik, Gennady"]
[Black "Kaminski, Uwe"]
[Result "1-0"]
[WhiteElo "2470"]
[BlackElo "2405"]

1.d4 Nf6 2.c4 g6 3.Nc3 Bg7 4.e4 d6 5.Nf3 O-O 6.Be2 e5 7.O-O Nc6 8.d5 Ne7
9.Ne1 Nd7 10.Nd3 f5 11.Bd2 Nf6 12.f3 f4 13.g4 fxg3 14.hxg3 h6 15.Kg2 g5 16.Rc1 Ng6
17.c5 Rf7 18.cxd6 cxd6 19.Nf2 Bf8 20.Rh1 Rh7 21.a4 Ne8 22.Nb5 h5 23.Rc3 a6
24.Na3 Bd7 25.Nc4 b5 26.axb5 axb5 27.Ne3 Qf6 28.Nf5 Ng7 29.Nxg7 Qxg7 30.Nh3 Nf4+
31.gxf4 gxf4+ 32.Kf1 Qg3 33.Nf2 Rg7 34.Bd3 b4 35.Rc7 Rd8 36.Rxh5 Bh3+ 37.Rxh3 Qg2+
38.Ke2 Rxc7 39.Qh1 Qxh1 40.Rxh1 b3 41.Ba5  1-0

[Event "URS-sf Ukraine-ch"]
[Site "Kherson"]
[Date "1989.??.??"]
[Round "?"]
[White "Foygel, Igor"]
[Black "Gurevich, Vladimir"]
[Result "1/2-1/2"]
[WhiteElo "2370"]
[BlackElo "2395"]

1.d4 Nf6 2.Nf3 g6 3.c4 Bg7 4.Nc3 O-O 5.e4 d6 6.Be2 e5 7.O-O Nc6 8.d5 Ne7
9.Ne1 Nd7 10.Be3 f5 11.f3 f4 12.Bf2 h5 13.b4 Nf6 14.c5 g5 15.cxd6 cxd6 16.Rc1 Bd7
17.Nb5 Bxb5 18.Bxb5 Ng6 19.Kh1 Rf7 20.Bg1 g4 21.Rf2 g3 22.Rfc2 a6 23.Ba4 gxh2
24.Bf2 h4 25.Kxh2 Nh5 26.Nd3 Bf8 27.Qg1 b5 28.Bb3 Rb8 29.Be1 Rg7 30.Nf2 h3
31.Nxh3 Ng3 32.Rb2 Nh4 33.Bd1 Rbb7 34.Rbc2 Qe8 35.Rc8 Qh5 36.R1c2 Rg6 37.R8c7 Rxc7
38.Rxc7 Qh6 39.Rc2 Qg7 40.a3 Qh7 41.Ra2  1/2-1/2

[Event "URS-sf Ukraine-ch"]
[Site "Kherson"]
[Date "1989.??.??"]
[Round "?"]
[White "Shneider, Aleksandr"]
[Black "Neverov, Valeriy"]
[Result "1-0"]
[WhiteElo "2495"]
[BlackElo "2475"]

1.d4 Nf6 2.c4 g6 3.Nc3 Bg7 4.e4 d6 5.Be2 O-O 6.Nf3 e5 7.O-O Nc6 8.Be3 Ng4
9.Bg5 f6 10.Bh4 g5 11.Bg3 f5 12.exf5 exd4 13.Nb5 Nge5 14.Nfxd4 a6 15.Nxc6 Nxc6
16.f6 Rxf6 17.Nc3 Bf5 18.Nd5 Rf8 19.Bd3 Nd4 20.Ne3 Bxd3 21.Qxd3 Qd7 22.Rad1 Rae8
23.b3 Qf7 24.f3 Re6 25.Bf2 Rfe8 26.Rfe1 c6 27.Kf1 h5 28.Nc2 Ne2 29.Ne3 Nd4
30.Nc2 Ne2 31.Ne3 Nc3 32.Rd2 Qf4 33.Rc2 d5 34.cxd5 cxd5 35.Nxd5 Qd6 36.Nf6+ Bxf6
37.Qxd6 Rxd6 38.Rxe8+ Kf7 39.Re1  1-0

[Event "Kiev"]
[Site "Kiev"]
[Date "1989.??.??"]
[Round "?"]
[White "Rashkovsky, Nukhim N"]
[Black "Tsarev, V."]
[Result "1-0"]
[WhiteElo "2520"]
[BlackElo "2415"]

1.Nf3 g6 2.d4 Nf6 3.c4 Bg7 4.Nc3 O-O 5.e4 d6 6.Be2 e5 7.O-O Nc6 8.d5 Ne7
9.Ne1 Nd7 10.Nd3 f5 11.Bd2 Kh8 12.b4 Nf6 13.f3 f4 14.g4 c6 15.a4 h5 16.g5 Nh7
17.h4 Nxg5 18.hxg5 Nxd5 19.Rf2 Ne3 20.Bxe3 fxe3 21.Rg2 Be6 22.Qc1 d5 23.cxd5 cxd5
24.Nc5 Bh3 25.Rg3 b6 26.Nxd5 bxc5 27.Rxh3 Qxg5+ 28.Kh1 cxb4 29.Qb2 a5 30.Rg1 Qh6
31.Rhg3 Kh7 32.Qb3  1-0

[Event "Leningrad-chT"]
[Site "Leningrad"]
[Date "1989.??.??"]
[Round "?"]
[White "Ragozin, Evgeni"]
[Black "Ivanov, Sergey"]
[Result "1-0"]
[WhiteElo "2325"]
[BlackElo "2465"]

1.d4 Nf6 2.c4 g6 3.Nc3 Bg7 4.e4 d6 5.Be2 O-O 6.Nf3 e5 7.O-O Nc6 8.d5 Ne7
9.Ne1 Nd7 10.Nd3 f5 11.Bd2 Nf6 12.f3 f4 13.g4 fxg3 14.hxg3 h5 15.Be3 Nh7
16.c5 g5 17.Rc1 Ng6 18.cxd6 cxd6 19.Nb5 Rf7 20.Nxa7 Bh3 21.Rf2 Nf4 22.Nb5 Nxe2+
23.Qxe2 Rc8 24.Rxc8 Bxc8 25.Qc2 Bf8 26.Nc3 Bd7 27.Qe2 Qf6 28.g4 Qg6 29.Rg2 Be7
30.Nf2 Qf6 31.Rg3 h4 32.Rh3 Nf8 33.Kg2 Ng6 34.Nd3 Bd8 35.Rh1 Kg7 36.Rh3 Rf8
37.a4 Be7 38.b3 Qf7 39.Nd1 Rc8 40.N1f2 Bf6 41.Rh1 Kh6 42.Rc1 Rxc1 43.Bxc1 Bd8
44.Nh3 Be8 45.Nb2 Qc7 46.Qc4 Qb6 47.Qc2 Qa6 48.Nc4 Nf4+ 49.Bxf4 gxf4 50.Na3 Bb6
51.Nf2 Bc5 52.Nc4 Bd4 53.Nd3 b5 54.Nb4 Qc8 55.Nxd6 Qxc2+ 56.Nxc2 bxa4 57.Nxe8 axb3
58.Na3 Kg6 59.Nb1 Bc5  1-0

[Event "Lenk op"]
[Site "Lenk"]
[Date "1989.??.??"]
[Round "?"]
[White "Kallai, Gabor"]
[Black "Cvitan, Ognjen"]
[Result "1/2-1/2"]
[WhiteElo "2430"]
[BlackElo "2525"]

1.d4 Nf6 2.c4 g6 3.Nc3 Bg7 4.e4 d6 5.Be2 O-O 6.Nf3 e5 7.O-O Nc6 8.d5 Ne7
9.Ne1 Nd7 10.Nd3 f5 11.Bd2 Nf6 12.f3 f4 13.g4 g5 14.Be1 h5 15.h3 Ng6 16.c5 Rf7
17.b4 Bf8 18.Kg2 Bd7 19.Rc1 Rg7 20.a4 Be7 21.Qb3 Kh8 22.Rh1 Nh4+ 23.Kf1 Qg8
24.cxd6 cxd6 25.Nb5 Bxb5 26.axb5 Bd8 27.Bf2 Bb6 28.Bxb6 axb6 29.Kf2 Qh7 30.Rc4 Ng6
31.Kg2 Qh6 32.Qc2 Nh4+ 33.Kf2 Rag8 34.Rc8 Ng6 35.Kg2 Qh7 36.Rc4 Qh6 37.Nf2 Nh4+
38.Kf1 Qg6 39.Nd3 Qe8 40.Rc7 Qd8 41.Rc3 Rh7 42.Nf2 Qd7 43.Qc1 Ra8 44.Rc2 Ng6
45.Kg2 Kg8 46.Rd1 hxg4 47.Nxg4 Nxg4 48.hxg4 Rf8 49.Rh1 Rxh1 50.Qxh1 Nh4+
51.Kf2 Rc8 52.Qc1 Rxc2 53.Qxc2 Kf8 54.Qa2 Qc7 55.Qa8+ Kf7 56.Qh8 Qc3 57.Qh5+ Kf6
58.Qe8 Qe3+ 59.Kf1 Qc1+ 60.Kf2 Qe3+  1/2-1/2

[Event "Lillafured"]
[Site "Lillafured"]
[Date "1989.??.??"]
[Round "?"]
[White "Halasz, Tamas"]
[Black "Blees, Albert"]
[Result "1/2-1/2"]
[WhiteElo "2400"]
[BlackElo "2345"]

1.d4 Nf6 2.Nf3 g6 3.c4 Bg7 4.Nc3 O-O 5.e4 d6 6.Be2 e5 7.O-O Nc6 8.d5 Ne7
9.Ne1 Nd7 10.Nd3 f5 11.Bd2 Nf6 12.f3 f4 13.g4 fxg3 14.hxg3 h6 15.Be3 g5 16.Kg2 Ng6
17.Qd2 Qd7 18.Rh1 Qf7 19.c5 Bd7 20.a4 Ne7 21.a5 a6 22.b4 Qg6 23.Nb2  1/2-1/2

[Event "Vidmar mem"]
[Site "Ljublana Portoroz"]
[Date "1989.??.??"]
[Round "?"]
[White "Gostisa, Leon"]
[Black "Damljanovic, Branko"]
[Result "1/2-1/2"]
[WhiteElo "2420"]
[BlackElo "2530"]

1.d4 Nf6 2.c4 g6 3.Nc3 Bg7 4.e4 d6 5.Nf3 O-O 6.Be2 e5 7.O-O Nc6 8.d5 Ne7
9.b4 Nh5 10.c5 Nf4 11.Bxf4 exf4 12.Qd2 h6 13.Rad1 Bd7 14.Rfe1 g5 15.Nd4 Bxd4
16.Qxd4 Ng6 17.c6 bxc6 18.dxc6 Be6 19.Ba6 Ne5 20.Bb7 Rb8 21.a4 g4 22.Qd2 Qf6
23.Ne2 f3 24.Qf4 Qg7 25.Nd4 Ng6 26.Qc1 fxg2 27.Kxg2 Qf6 28.Qe3 Ne5 29.Kh1 Kh8
30.Rg1 Rg8 31.Rdf1 Bc4 32.Rd1 Rg5 33.Rg2 Rbg8 34.b5 Be6 35.a5 Nf3 36.b6 Nxd4
37.Qxd4 Qxd4 38.Rxd4 cxb6 39.axb6 axb6 40.Rxd6 Rc5 41.Rg1 b5 42.Rb1 Kg7 43.c7 Rxc7
44.Rxb5 Bc4 45.Rb2 Rb8 46.Rdb6 Bf1 47.h4 gxh3 48.Bd5 Bg2+ 49.Kh2 Rxb6 50.Rxb6 Rc2
51.f3 Bf1+ 52.Kg1 f6 53.Rb8 h2+ 54.Kh1 Rf2 55.Rg8+ Kh7 56.Rg3 Be2 57.e5 fxe5
58.Bc6 Bd3 59.Bb7 h5 60.Rg5 Kh6 61.Rxe5  1/2-1/2

[Event "Lugano op"]
[Site "Lugano"]
[Date "1989.??.??"]
[Round "7"]
[White "Lev, Ronen"]
[Black "Dam, Ruurd"]
[Result "0-1"]
[WhiteElo "2415"]
[BlackElo "2315"]

1.d4 Nf6 2.c4 g6 3.Nc3 Bg7 4.e4 d6 5.Nf3 O-O 6.Be2 e5 7.O-O Nc6 8.d5 Ne7
9.Nd2 a5 10.Rb1 Nd7 11.a3 f5 12.b4 b6 13.f3 f4 14.Nb3 axb4 15.axb4 g5 16.c5 Nf6
17.Bd2 h5 18.h3 Rf7 19.cxb6 cxb6 20.Rc1 Bf8 21.Nb5 g4 22.Nc7 Ra2 23.Ne6 Bxe6
24.dxe6 Rg7 25.Kh2 Qe8 26.Rg1 Qg6 27.Ra1 Rxa1 28.Qxa1 Qg5 29.Bc4 Kh7 30.Qf1 Ng6
31.Be1 Nh4 32.Bxh4 Qxh4 33.Qe1 g3+ 34.Kh1 Ng4 35.fxg4 f3 36.Qe3 hxg4 37.Nd2 fxg2+
38.Rxg2 gxh3 39.Nf3 hxg2+ 40.Kxg2 Qg4 41.Bd5 Rc7 42.Qd3 Kh8 43.Ng1 Qf4 44.Nh3 Qc1
45.e7 Rc2+ 46.Kxg3 Bxe7 47.Kg4 Rg2+ 48.Kf3 Qh1 49.Nf2 Qh2 50.Qf1 Qg3+ 51.Ke2 Bh4  0-1

[Event "Lyngby op"]
[Site "Lyngby"]
[Date "1989.??.??"]
[Round "5"]
[White "Bang, Andreas"]
[Black "Clausen, Steen"]
[Result "1-0"]
[WhiteElo "2315"]
[BlackElo "2245"]

1.Nf3 g6 2.c4 Bg7 3.e4 d6 4.d4 Nf6 5.Nc3 O-O 6.Be2 e5 7.O-O Nc6 8.d5 Ne7
9.a4 Nd7 10.b4 a5 11.bxa5 Nc5 12.Ba3 Na6 13.Nd2 c5 14.dxc6 Nxc6 15.Nb3 Nd4
16.Nb5 Nxb3 17.Qxb3 Nc5 18.Qe3 Qxa5 19.Nxd6 b6 20.Rfb1 Qxa4 21.Rxb6 Nd7 22.Rbb1 Qc6
23.c5 Ba6 24.Bd1 Ra7 25.Bb4 Rfa8 26.f3 Bf8 27.Ba4 Qc7 28.Bb3 Bxd6 29.cxd6 Qd8
30.Bd5 Bd3 31.Bxa8  1-0

[Event "Marianske Lazne op"]
[Site "Marianske Lazne"]
[Date "1989.??.??"]
[Round "3"]
[White "Kiselev, Sergey"]
[Black "Spasov, Vasil"]
[Result "1-0"]
[WhiteElo "2445"]
[BlackElo "2375"]

1.d4 Nf6 2.Nf3 g6 3.c4 Bg7 4.Nc3 O-O 5.e4 d6 6.Be2 e5 7.O-O Nc6 8.Be3 Ng4
9.Bg5 f6 10.Bh4 Nh6 11.d5 Ne7 12.Nd2 Nf7 13.f3 f5 14.b4 Bh6 15.Bf2 Kh8 16.c5 Ng8
17.Nc4 Nf6 18.b5 Nd7 19.c6 bxc6 20.dxc6 Nf6 21.Ne3 Ng5 22.Qd3 Nh5 23.Ned5 Ne6
24.Kh1 Nhf4 25.Nxf4 Nxf4 26.Qc2 Qg5 27.Rg1 fxe4 28.Nxe4 Qf5 29.Qb2 Bg7 30.Rad1 d5
31.Ng3 Qf7 32.Rge1 Be6 33.Bf1 d4 34.a4 Bb3 35.Ra1 Bd5 36.Ne4 Rab8 37.Qd2 Rbd8
38.Bh4 Rde8 39.Nc5 Qf5 40.Na6 g5 41.Bg3 Re7 42.Nb4 Be6 43.Rac1 g4 44.Bxf4 Qxf4
45.Qxf4 Rxf4 46.Nd3 Rf5 47.f4 exf4 48.a5 Rxb5 49.Nc5 Rxc5 50.Rxc5 f3 51.Rb5 Bf6
52.a6 Kg7 53.Re4 f2 54.Rb2 Bf5 55.Rxe7+ Bxe7 56.Rxf2 Kg6 57.Rb2 Bc5 58.Rb3 Kf6
59.Bd3 Be6 60.Rb5 Bb6 61.Rh5 Bg8 62.Kg1 Ke7 63.Rh6 Ba5 64.Kf1 Bd2 65.Rh4  1-0

[Event "Mendrisio op"]
[Site "Mendrisio"]
[Date "1989.??.??"]
[Round "3"]
[White "Schaufelberger, Heinz"]
[Black "Vukic, Milan"]
[Result "0-1"]
[WhiteElo "2305"]
[BlackElo "2500"]

1.d4 Nf6 2.c4 g6 3.Nc3 Bg7 4.e4 d6 5.Nf3 O-O 6.Be2 e5 7.O-O Nc6 8.d5 Ne7
9.Nd2 a5 10.c5 dxc5 11.a4 c6 12.dxc6 Nxc6 13.Nc4 Be6 14.Be3 Qxd1 15.Rfxd1 Nd4
16.Nxe5 Nxe4 17.Bxd4 cxd4 18.Nxe4 Bxe5 19.Nc5 Bf5 20.Nd3 Bg7 21.Bf3 Rab8
22.g4 Bd7 23.Nc5 Rfd8 24.Nxd7 Rxd7 25.Be2 Rc8 26.Bd3 Bh6 27.Ra3 Bf8 28.Rb3 Bb4
29.Bb5 Rd6 30.Rf3 Rc2 31.b3 Kg7 32.Rdd3 Bc3 33.Rf4 Rc1+ 34.Kg2 Re1 35.Bc4 f6
36.Kf3 Rd7 37.Re4 Rxe4 38.Kxe4 Re7+ 39.Kf3 Re1 40.Bd5 b6 41.Kg2 Re5 42.Be4 h5
43.gxh5 Rxh5 44.Rg3 Rc5 45.h4 Rh5 46.Bd3 f5 47.Rh3 Kf6 48.f4 Bd2 49.Kf3 Rh7
50.Rh2 Be1 51.Rh1 Re7 52.Bb1 Re3+ 53.Kg2 Bg3 54.h5 Bxf4 55.hxg6 Kxg6 56.Rh3 Re2+
57.Kf3 Rb2 58.Kxf4 Rxb1 59.Rd3 Kf6 60.Rxd4 Rxb3 61.Rd6+ Ke7 62.Rh6 Kd7 63.Kxf5 Rb4
64.Ke5 Kc7 65.Kd5 Kb7  0-1

[Event "Mendrisio op"]
[Site "Mendrisio"]
[Date "1989.??.??"]
[Round "7"]
[White "Sher, Miron N"]
[Black "Cvitan, Ognjen"]
[Result "1/2-1/2"]
[WhiteElo "2470"]
[BlackElo "2515"]

1.c4 g6 2.d4 Nf6 3.Nc3 Bg7 4.e4 d6 5.Be2 O-O 6.Nf3 e5 7.O-O Nc6 8.d5 Ne7
9.Nd2 a5 10.b3 Nd7 11.Ba3 f5 12.b4 axb4 13.Bxb4 Kh8 14.a4 Ng8 15.a5 Ngf6
16.exf5 gxf5 17.Nb3 Rg8 18.c5 Nxc5 19.Nxc5 dxc5 20.Bxc5 Nd7 21.Bb4 Qh4 22.Ra4 e4
23.g3 Qh3 24.f4 Nf6 25.Ra3 Bd7 26.Qd2 Rae8 27.Nd1 e3 28.Rxe3 Rxe3 29.Nxe3 Ne4
30.Qd1 c5 31.dxc6 Bxc6 32.Bf3 Nxg3 33.hxg3 Qxg3+ 34.Ng2 Bxf3 35.Qxf3 Bd4+
36.Kh1 Qg6 37.Kh2 Qc6 38.Re1 Rg6 39.Re8+ Kg7 40.Re7+  1/2-1/2

[Event "Montpellier-B"]
[Site "Montpellier"]
[Date "1989.??.??"]
[Round "?"]
[White "Laclau, Daniel"]
[Black "Strikovic, Aleksa"]
[Result "0-1"]
[WhiteElo "2235"]
[BlackElo "2470"]

1.d4 Nf6 2.c4 g6 3.Nc3 Bg7 4.e4 d6 5.Be2 O-O 6.Nf3 e5 7.O-O Nc6 8.d5 Ne7
9.Ne1 Nd7 10.Nd3 f5 11.Bd2 Nf6 12.f3 f4 13.c5 g5 14.cxd6 cxd6 15.Nf2 h5 16.h3 Ng6
17.Qc2 Rf7 18.Rfc1 a6 19.a4 Bf8 20.a5 g4 21.hxg4 hxg4 22.fxg4 b5 23.axb6 Qxb6
24.Nb5 Bxg4 25.Bf1 Rc8 26.Nc3 a5 27.Qd3 Bd7 28.Qa6 Qxb2 29.Ra2 Qxc1 30.Bxc1 Rxc3
31.Bd2 Rg3 32.Qxa5 Nh4 33.Qd8 Nf3+ 34.Kh1 Rh7+  0-1

[Event "URS-sf Moscow-ch"]
[Site "Moscow"]
[Date "1989.??.??"]
[Round "?"]
[White "Bareev, Evgeny"]
[Black "Kuzmin, Alexey"]
[Result "1/2-1/2"]
[WhiteElo "2580"]
[BlackElo "2475"]

1.d4 Nf6 2.c4 g6 3.Nc3 Bg7 4.e4 d6 5.Be2 O-O 6.Nf3 e5 7.O-O Nc6 8.d5 Ne7
9.Ne1 Nd7 10.Nd3 f5 11.Bd2 Kh8 12.f3 Nf6 13.b4 c6 14.a4 f4 15.g4 h5 16.g5 Nh7
17.h4 Nxg5 18.hxg5 Nxd5 19.Rf2 Nc7 20.Rg2 Bh3 21.Rh2 Qxg5+ 22.Kh1 Be6 23.Be1 Qf6
24.Bh4 g5 25.Bf2 Qg6 26.b5 c5 27.b6 axb6 28.Rb1 Ra6 29.Ne1 Bd7 30.Rb2 Bh6
31.Ng2 Rg8 32.Rd2 Ne8 33.Nb5 Bf8 34.Be1 Rg7 35.Rd3 Kg8 36.Bc3 Bc8 37.Rd5 Ra8
38.Bf1 Be7 39.Be2 Rh7 40.Nh4 gxh4 41.Rg2 Bg4 42.fxg4 Rg7 43.g5 Qxe4 44.Bf3 Qf5
45.Qd3 Qxd3 46.Rxd3 Rxa4 47.Bxh5 Kf8 48.Bxe8 Kxe8 49.Nxd6+ Bxd6 50.Rxd6 Rxc4
51.Bxe5 f3 52.Bxg7 fxg2+ 53.Kxg2 Rg4+ 54.Kf3 Rxg5 55.Bf6 Rg1 56.Bxh4 Rb1
57.Kg4 Rb4+ 58.Kh5 Rd4  1/2-1/2

[Event "URS-ch sf"]
[Site "Moscow"]
[Date "1989.??.??"]
[Round "?"]
[White "Baikov, Vladimir A"]
[Black "Krasenkow, Michal"]
[Result "1-0"]
[WhiteElo "2345"]
[BlackElo "2525"]

1.d4 Nf6 2.c4 g6 3.Nf3 Bg7 4.Nc3 O-O 5.e4 d6 6.Be2 e5 7.O-O Nc6 8.d5 Ne7
9.Nd2 c5 10.Rb1 Ne8 11.b4 b6 12.bxc5 bxc5 13.Nb3 Kh8 14.Qc2 f5 15.f4 Ng8
16.exf5 Bxf5 17.Bd3 Rb8 18.Bd2 exf4 19.Bxf4 Rb7 20.Bxf5 Rxf5 21.Ne4 Rbf7
22.Qd2 Rf8 23.g3 h6 24.h4 Ngf6 25.Nxf6 Qxf6 26.Qd3 Qd8 27.Bd2 Rxf1+ 28.Rxf1 Rxf1+
29.Kxf1 Qf6+ 30.Kg2 Kg8 31.Qe2 Qf7 32.Na5 Kh7 33.Nc6 Nf6 34.Qe6 Qb7 35.Bc3 Qb1
36.Bxf6 Qxa2+ 37.Kh3 Qxc4 38.Bxg7 Qf1+ 39.Kg4 Qd1+ 40.Kf4 Qf1+ 41.Ke3 Qe1+
42.Kd3 Qd1+ 43.Kc3 Qc1+ 44.Kb3  1-0

[Event "Moscow1"]
[Site "Moscow"]
[Date "1989.??.??"]
[Round "?"]
[White "Neverov, Valeriy"]
[Black "Bokan, Danko"]
[Result "1-0"]
[WhiteElo "2430"]
[BlackElo "2255"]

1.d4 Nf6 2.c4 g6 3.Nc3 Bg7 4.e4 d6 5.Nf3 O-O 6.Be2 e5 7.O-O Nc6 8.d5 Ne7
9.Ne1 Nd7 10.Nd3 f5 11.Bd2 Kh8 12.Rc1 Ng8 13.exf5 gxf5 14.f4 e4 15.Nf2 c5
16.dxc6 bxc6 17.Be3 Ndf6 18.Qd2 Be6 19.Ncd1 Ne7 20.Bd4 c5 21.Bc3 d5 22.cxd5 Nexd5
23.Be5 Qe7 24.Bc4 Rfd8 25.Qe2 Nd7 26.Bxg7+ Qxg7 27.Bxd5 Bxd5 28.Ne3 Be6 29.b3 a5
30.Kh1 a4 31.Rg1 axb3 32.axb3 Qd4 33.g4 Nf6 34.Rgd1 Qb4 35.Qb2 Rd4 36.Rxc5 Qxc5
37.Rxd4 Rc8 38.Rc4 Bxc4 39.Qxf6+ Kg8 40.Nxf5 Qf8 41.Ne7+ Qxe7 42.Qxe7  1-0

[Event "Moscow1"]
[Site "Moscow"]
[Date "1989.??.??"]
[Round "?"]
[White "Neverov, Valeriy"]
[Black "Kuzmin, Alexey"]
[Result "1/2-1/2"]
[WhiteElo "2430"]
[BlackElo "2465"]

1.d4 Nf6 2.c4 g6 3.Nc3 Bg7 4.e4 d6 5.Nf3 O-O 6.Be2 e5 7.O-O Nc6 8.d5 Ne7
9.Ne1 Nd7 10.Nd3 f5 11.Bd2 Kh8 12.f3 f4 13.b4 Nf6 14.Rc1 g5 15.c5 c6 16.dxc6 Nxc6
17.Nb5 dxc5 18.bxc5 g4 19.Bc3 g3 20.h3 Be6 21.Qc2 a6 22.Nd6 Ne8  1/2-1/2

[Event "Moscow2"]
[Site "Moscow"]
[Date "1989.??.??"]
[Round "?"]
[White "Lipman, V."]
[Black "Gezaljan, Tigran"]
[Result "0-1"]
[WhiteElo "2285"]
[BlackElo "2360"]

1.d4 Nf6 2.c4 g6 3.Nc3 Bg7 4.e4 d6 5.Nf3 O-O 6.Be2 e5 7.O-O Nc6 8.d5 Ne7
9.Nd2 a5 10.Rb1 Nd7 11.a3 f5 12.b4 axb4 13.axb4 Kh8 14.Qc2 Ng8 15.Nb5 Ndf6
16.exf5 c6 17.dxc6 bxc6 18.Nc3 gxf5 19.Nf3 Qc7 20.Nh4 Ne7 21.b5 Be6 22.f4 cxb5
23.Nxb5 Qc5+ 24.Kh1 Rfc8 25.Qd3 Ne4 26.Be3 Bxc4 27.Qxc4 Qxe3 28.Qe6 Qxe2
29.Qxe7 Bf6  0-1

[Event "Moscow2+"]
[Site "Moscow"]
[Date "1989.??.??"]
[Round "?"]
[White "Gezaljan, Tigran"]
[Black "Muratov, Vladimir A"]
[Result "1-0"]
[WhiteElo "2360"]
[BlackElo "2410"]

1.d4 Nf6 2.c4 g6 3.Nc3 Bg7 4.e4 d6 5.Nf3 O-O 6.Be2 e5 7.O-O Nc6 8.d5 Ne7
9.Nd2 c5 10.a3 h5 11.b4 b6 12.Rb1 Ng4 13.bxc5 bxc5 14.h3 Nh6 15.Nf3 f6 16.Bd2 Nf7
17.Qa4 Bh6 18.Bxh6 Nxh6 19.Rb2 Nf7 20.Rfb1 Kg7 21.Rb8 Rxb8 22.Rxb8 Qc7 23.Ra8 a6
24.Qb3 Nd8 25.Qb8 Qd7 26.Bd1 Bb7 27.Ba4 Qc8 28.Qxc8 Nxc8 29.Rb8 Rf7 30.Nd2 Rc7
31.Nb3 Kf7 32.Na5 f5 33.exf5 gxf5 34.Bc2 Kf6 35.g4 hxg4 36.hxg4 fxg4 37.Ne4+ Ke7
38.Ng3 Nb6 39.Nf5+ Kd7 40.Nxd6 Kxd6 41.Rxd8+ Ke7 42.Rb8 Nxc4 43.Nxb7 Kf6
44.d6 Rg7 45.Nxc5 Nxd6 46.Rb6 Ke7 47.Ne4 Nb5 48.Rxa6 Rg8 49.a4 Nd4  1-0

[Event "Naleczow op"]
[Site "Naleczow"]
[Date "1989.??.??"]
[Round "?"]
[White "Levin, Felix"]
[Black "Praszak, Michal"]
[Result "0-1"]
[WhiteElo "2320"]
[BlackElo "2335"]

1.d4 Nf6 2.Nf3 d6 3.c4 g6 4.Nc3 Bg7 5.e4 O-O 6.Be2 e5 7.O-O Nc6 8.Be3 Ng4
9.Bg5 f6 10.Bh4 Nh6 11.dxe5 dxe5 12.h3 Nf7 13.Nd5 g5 14.Bg3 Ne7 15.Nh2 c6
16.Ne3 Be6 17.Bg4 Qc8 18.Qb3 Nd8 19.Rfd1 Bxg4 20.hxg4 Ne6 21.c5 Kh8 22.Qc4 Nd4
23.Nc2 Nxc2 24.Qxc2 Rd8 25.Qb3 Qc7 26.Nf1 b6 27.Qc4 Rxd1 28.Rxd1 Rd8 29.Rxd8+ Qxd8
30.cxb6 axb6 31.Qe6 Qc7 32.a4 Ng6 33.Ne3 Nf8 34.Qe8 Qd7 35.Qa8 Kg8 36.b4 Kf7
37.a5 bxa5 38.bxa5 Ne6 39.a6 Bf8 40.Nc4 Bc5 41.Kh2 Qc7 42.Qb7 Ke8 43.Qb3 Nd4
44.Qa2 Nb5 45.f3 Qa7 46.Na5 Nd4 47.Nb7 Be7 48.Bf2 Kd7 49.Kg1 h6 50.Kh1 Ke8
51.Qa4 Kf8 52.Be3 c5 53.Qa2 Nc6 54.Qc4 Nd4 55.Na5 Qb6 56.Nb7 Qb1+ 57.Kh2 Qe1
58.Qd3 Ne2  0-1

[Event "Novi Sad op"]
[Site "Novi Sad"]
[Date "1989.??.??"]
[Round "2"]
[White "Yuneeva, N."]
[Black "Markovic, Lazar"]
[Result "0-1"]
[WhiteElo "2090"]
[BlackElo "2300"]

1.d4 Nf6 2.c4 g6 3.Nc3 Bg7 4.e4 d6 5.Nf3 O-O 6.Be2 e5 7.O-O Nc6 8.d5 Ne7
9.Nd2 Ne8 10.b4 f5 11.f3 f4 12.c5 g5 13.Nc4 h5 14.Bd2 Rf6 15.Rc1 Rg6 16.h3 Kf7
17.a4 Ng8 18.cxd6 cxd6 19.b5 Nh6 20.a5 Kg8 21.b6 a6 22.Rc2 g4 23.fxg4 hxg4
24.hxg4 Bxg4 25.Be1 Rc8 26.Bd3 Bf6 27.Ne2 Qd7 28.Nxf4 exf4 29.e5 Qh7 30.g3 Be7
31.exd6 Nxd6 32.Rxf4 Nxc4 33.Rfxc4 Rxc4 34.Bxc4  0-1

[Event "Novi Sad op"]
[Site "Novi Sad"]
[Date "1989.??.??"]
[Round "4"]
[White "Panzalovic, Srdjan"]
[Black "Bokan, Danko"]
[Result "1-0"]
[WhiteElo "2325"]
[BlackElo "2250"]

1.c4 g6 2.Nc3 Bg7 3.Nf3 Nf6 4.d4 O-O 5.e4 d6 6.Be2 e5 7.O-O Nc6 8.d5 Ne7
9.Ne1 Nd7 10.Nd3 f5 11.Bd2 c5 12.f4 a6 13.a4 b6 14.Qc2 Qc7 15.Rae1 fxe4 16.Nxe4 Nf5
17.Bg4 Nd4 18.Qd1 b5 19.b3 bxc4 20.bxc4 Nf5 21.Ng5 Nf6 22.Bh3 h6 23.Ne4 Nd7
24.Bc3 exf4 25.Bxg7 Nxg7 26.Be6+ Kh7 27.Rxf4 Rxf4 28.Nxf4 Nf8 29.Nf6+ Kh8
30.Qa1 Rb8 31.Ne8 Qa7 32.Qf6 Bxe6 33.Qxf8+ Bg8 34.Re7 Qxe7 35.Nxg6+ Kh7 36.Nxe7 Rxe8
37.Qf6  1-0

[Event "Novi Sad op"]
[Site "Novi Sad"]
[Date "1989.??.??"]
[Round "7"]
[White "Pogorelov, Ruslan"]
[Black "Petrovic, Dragoljub"]
[Result "1-0"]
[WhiteElo "2365"]
[BlackElo "2245"]

1.Nf3 Nf6 2.c4 g6 3.Nc3 Bg7 4.e4 d6 5.d4 O-O 6.Be2 e5 7.O-O Nc6 8.d5 Ne7
9.Ne1 Nd7 10.Be3 f5 11.f3 Nf6 12.c5 f4 13.Bf2 g5 14.Rc1 Ne8 15.Nb5 a6 16.Na7 Rxa7
17.cxd6 b6 18.dxe7 Qxe7 19.Bxb6 cxb6 20.Rxc8 Rc7 21.Rxc7 Qxc7 22.Nc2 Nd6
23.Nb4 a5 24.Nc6 Kf7 25.Re1 Rc8  1-0

[Event "Nuremberg op"]
[Site "Nuremberg"]
[Date "1989.??.??"]
[Round "?"]
[White "Gerstner, Wolfgang"]
[Black "Kurz, Eugen"]
[Result "1-0"]
[WhiteElo "2365"]
[BlackElo "2230"]

1.d4 Nf6 2.c4 g6 3.Nc3 Bg7 4.e4 d6 5.Nf3 O-O 6.Be2 e5 7.O-O Nc6 8.d5 Ne7
9.Nd2 a5 10.a3 Nd7 11.Rb1 f5 12.b4 Kh8 13.f3 Ng8 14.Nb3 axb4 15.axb4 Ndf6
16.c5 Nh5 17.cxd6 cxd6 18.Be3 Nf4 19.Bb5 Nf6 20.Kh1 fxe4 21.fxe4 Bg4 22.Qe1 Rc8
23.Rc1 Bd7 24.Bxd7 Qxd7 25.Qd1 Rc4 26.Nd2 Rxb4 27.Rb1 Rxb1 28.Qxb1 Ng4 29.Bg1 Rc8
30.Nb5 Ne2 31.Bb6 Bh6 32.Nf3 Be3 33.Bxe3 Nxe3 34.Re1 Nc3 35.Nxc3 Rxc3 36.Qb4 Qg4
37.Rg1 Rc1 38.Qb2 Rc2 39.Qb6 Nd1 40.Qd8+ Kg7 41.Qe7+ Kh6 42.Qf8+ Kh5 43.g3 Nf2+
44.Kg2 Nxe4+ 45.Kh1 Rf2  1-0

[Event "Kotov mem"]
[Site "Odessa"]
[Date "1989.??.??"]
[Round "?"]
[White "Pyhala, Antti"]
[Black "Kaminski, Uwe"]
[Result "1/2-1/2"]
[WhiteElo "2385"]
[BlackElo "2405"]

1.d4 Nf6 2.c4 g6 3.Nc3 Bg7 4.e4 d6 5.Be2 O-O 6.Nf3 e5 7.O-O Nc6 8.Be3 Re8
9.dxe5 dxe5 10.Qxd8 Nxd8 11.Nb5 Ne6 12.Ng5 Re7 13.Rfd1 b6 14.c5 Nxg5  1/2-1/2

[Event "Kotov mem"]
[Site "Odessa"]
[Date "1989.??.??"]
[Round "?"]
[White "Neverov, Valeriy"]
[Black "Kaminski, Uwe"]
[Result "1-0"]
[WhiteElo "2475"]
[BlackElo "2405"]

1.d4 Nf6 2.c4 g6 3.Nc3 Bg7 4.e4 d6 5.Nf3 O-O 6.Be2 e5 7.O-O Nc6 8.d5 Ne7
9.Ne1 Nd7 10.Nd3 f5 11.Bd2 Nf6 12.f3 Kh8 13.a4 Neg8 14.c5 Bh6 15.b4 Bxd2
16.Qxd2 f4 17.a5 a6 18.b5 axb5 19.Nxb5 g5 20.cxd6 cxd6 21.Qb4 Ra6 22.Rfc1 g4
23.Nc7 gxf3 24.Bxf3 Ng4 25.Nxa6 bxa6 26.Qb6  1-0